000 00307nam a2200121Ia 4500
008 241028s9999 xx 000 0 und d
041 _aeng
082 _a332.4 WAR
100 _aWarren, Micah
245 _aBitcoin: A Game-Theoretic Analysis
260 _bDe Gruyter
_aBoston
_c2023
300 _a328;. P. 24 Cm
999 _c42773
_d42773